000 00576nam a2200205 i 4500
001 C2-0296449
003 PPAK
005 20180728074808.0
008 090420s1988 my |||| ||||| | may d
040 _aPPAK
_beng
_cPPAK
_erda
082 0 4 _a305.8992
_223
090 0 0 _a305.8992
_bKON
_dKIH
245 0 0 _aKongres cendekiawan melayu '88
264 1 _aBangi, Selangor :
_bUniversiti Kebangsaan Malaysia ,
_c1988
300 _avarious pages pages ;
_c27 cm
336 _2rdacontent
_atext
337 _2rdamedia
_aunmediated
338 _2rdacarrier
_avolume
942 _ddc
_cB
999 _c100898
_d100898